Muru natakagalu (Record no. 143632)
[ view plain ]
| 000 -LEADER | |
|---|---|
| fixed length control field | 00800nam a2200241Ia 4500 |
| 003 - CONTROL NUMBER IDENTIFIER | |
| control field | OSt |
| 005 - DATE AND TIME OF LATEST TRANSACTION | |
| control field | 20260110110816.0 |
| 008 - FIXED-LENGTH DATA ELEMENTS--GENERAL INFORMATION | |
| fixed length control field | 210210b xxu||||| |||| 00| 0 eng d |
| 040 ## - CATALOGING SOURCE | |
| Transcribing agency | AL |
| 041 ## - LANGUAGE CODE | |
| Language code of text/sound track or separate title | Kannada |
| 082 ## - DEWEY DECIMAL CLASSIFICATION NUMBER | |
| Classification number | 853/238 |
| 100 ## - MAIN ENTRY--PERSONAL NAME | |
| Personal name | PUTTAPPA (KV) |
| 9 (RLIN) | 96196 |
| Dates associated with a name | ಪುಟ್ಟಪ್ಪ (ಕೆ ವಿ). |
| 245 ## - TITLE STATEMENT | |
| Title | Muru natakagalu |
| Remainder of title | ಮೂರು ನಾಟಕಗಳು |
| 260 ## - PUBLICATION, DISTRIBUTION, ETC. | |
| Place of publication, distribution, etc. | Bengalru |
| Name of publisher, distributor, etc. | Bengaluru Printing and Publishing Company Limited |
| Date of publication, distribution, etc. | 1931 |
| 650 ## - SUBJECT ADDED ENTRY--TOPICAL TERM | |
| Topical term or geographic name entry element | Maharatri |
| 9 (RLIN) | 96314 |
| 650 ## - SUBJECT ADDED ENTRY--TOPICAL TERM | |
| Topical term or geographic name entry element | Kuvempu |
| 9 (RLIN) | 205726 |
| 650 ## - SUBJECT ADDED ENTRY--TOPICAL TERM | |
| Topical term or geographic name entry element | Shmashana kurukshetram |
| 9 (RLIN) | 96315 |
| 650 ## - SUBJECT ADDED ENTRY--TOPICAL TERM | |
| Topical term or geographic name entry element | ಮಹಾರಾತ್ರಿ, ಶ್ಮಶಾನ ಕುರುಕ್ಷೇತ್ರಂ ಜಲಗಾರ |
| 9 (RLIN) | 250963 |
| 650 ## - SUBJECT ADDED ENTRY--TOPICAL TERM | |
| Topical term or geographic name entry element | Jalagara |
| 9 (RLIN) | 96316 |
| 690 ## - LOCAL SUBJECT ADDED ENTRY--TOPICAL TERM (OCLC, RLIN) | |
| Topical term or geographic name as entry element | Kannada Drama |
| 9 (RLIN) | 96197 |
| 906 ## - LOCAL DATA ELEMENT F, LDF (RLIN) | |
| a | 019508 |
| 942 ## - ADDED ENTRY ELEMENTS (KOHA) | |
| Source of classification or shelving scheme | Dewey Decimal Classification |
| Koha item type | Book |
| Withdrawn status | Lost status | Source of classification or shelving scheme | Damaged status | Not for loan | Collection code | Home library | Current library | Date acquired | Cost, normal purchase price | Total Checkouts | Full call number | Barcode | Date last seen | Price effective from | Koha item type |
|---|---|---|---|---|---|---|---|---|---|---|---|---|---|---|---|
| Dewey Decimal Classification | Kannada | St Aloysius Library | St Aloysius Library | 02/17/2021 | 0.00 | 853/237 | 019507 | 02/17/2021 | 02/17/2021 | Book | |||||
| Dewey Decimal Classification | Kannada | St Aloysius Library | St Aloysius Library | 02/17/2021 | 0.00 | 853/238 | 019508 | 02/17/2021 | 02/17/2021 | Book |